000 00509nam a2200181 a 4500
001 18818
005 20180713212157.0
008 140415s1967 000 0 spa d
041 _aspa
082 _a633.2
_bHAV
100 1 _aHARVARD-DUCHAS, BERNARD
245 1 4 _aLES PLANTES FOURRAGERES TROPICALES
260 _a[s.l.] :
_bMAISONNEUVE AND LAROSE,
_c1967
300 _a397
650 1 4 _aFORRAJE
700 1 _aMAISINNEUVE AND LAROSE
_etr.
740 _aLAS PLANTAS FOURRAGERES TROPICALES
999 _c18818
_d18818